000 01205nam a2200337 i 4500
001 000027043
003 DO-SdBNP
005 20250506095542.0
007 ta
008 110329s1979 dr 000 0 spa d
040 _aDO-SdBNP
_bspa
_cBNPHU
_erda
041 _aspa
082 4 _a332.097293
_bS232m 1979
_222
100 1 _aSantana Rivera, Felix
_eautor
_4aut.
_930806
245 1 0 _aMoneda, banca y las instituciones financieras de la República Dominicana /
_cFelix Santana Rivera ; prólogo, Juan Hortalas Arau.
250 _aSegunda edición
264 4 _aSanto Domingo :
_bPublicaciones América,
_c©1979.
300 _aXLX, 263 páginas ;
_c18 cm.
336 _ardacontent
_btexto
_2txt
337 _ardamedia
_bsin mediación
_2n
338 _ardacarrier
_bvolumen
_2nc
590 _aInventariado, 2019/MFF
650 4 _aBancos
_zRepública Dominicana
_9640
650 0 _aMoneda
_93308
650 4 _aPolítica monetaria
_zRepública Dominicana
_95998
650 4 _aInstituciones financieras
_zRepública Dominicana
_96015
650 4 _aSistemas monetarios
_953209
700 1 _aHortalas Arau, Juan
_eprologuista
_4pr.
_987652
910 _aValidado. Control de calidad MFF
942 _2ddc
_cLBS1
999 _c26535
_d26535